Statistics for All 50k U.S. Cities on a Map by Letter - P

Click here to take the quiz!

General Stats

  • This quiz has been taken 922 times
  • The average score is 23 of 53

Answers on the Map

Answers color-coded by a green-red scale on the quiz's map according to % correct below.
 

Answer Stats

PopulationStateCity% Correct
1,576,251PAPhiladelphia
99%
68,313MEPortland
99%
641,162ORPortland
99%
1,624,569AZPhoenix
98%
76,544CAPittsburg
96%
300,431PAPittsburgh
91%
189,692RIProvidence
88%
114,084UTProvo
77%
194,917AZPeoria
74%
111,666ILPeoria
74%
288,253TXPlano
74%
148,626TXPasadena
71%
135,732CAPasadena
71%
217,523FLPort St. Lucie
66%
53,678FLPensacola
63%
112,368COPueblo
63%
157,794NJPaterson
56%
97,840VAPortsmouth
54%
165,761CAPalmdale
49%
79,828MNPlymouth
48%
57,092IDPocatello
47%
169,391FLPembroke Pines
45%
125,990TXPearland
42%
148,338CAPomona
42%
122,942FLPalm Bay
41%
111,348FLPompano Beach
40%
75,387RIPawtucket
38%
79,982OHParma
36%
55,724TXPort Arthur
35%
66,680CAPalo Alto
33%
78,871WAPasco
30%
60,313COParker
29%
93,833FLPalm Coast
27%
60,984MIPontiac
27%
69,633NJPassaic
23%
92,986FLPlantation
23%
51,541CAPalm Desert
21%
59,403CAPetaluma
19%
55,291NJPerth Amboy
17%
54,936NJPlainfield
17%
78,252CAPleasanton
17%
66,321ILPalatine
16%
54,119MAPeabody
15%
66,884TXPflugerville
15%
79,697TXPharr
15%
53,202FLPinellas Park
15%
62,742CAPorterville
15%
79,835CAPerris
13%
63,486FLPort Orange
13%
59,449FLPalm Beach Gardens
12%
52,506CAParamount
10%
60,764CAPico Rivera
10%
51,274CAPlacentia
10%

Score Distribution

Percentile by Number Answered

Percent of People with Each Score

Your Score History

You have not taken this quiz